000 00466nam a2200193Ia 4500
005 20240823041908.0
008 240823s9999||||xx |||||||||||||| ||und||
020 _a978-81-259-0702-5
041 _aENGLISH
082 _A624.171 Q2
100 _aBhavikatti S S
245 0 _aStructural Analysis Vol-I
250 _a4th
260 _c2012
_b"Vikas Pub.,New "
_aNew Delhi
500 _aTRANSFERED
650 _aAnalysis
_bCivil
942 _cBK
999 _c206592
_d206592